All Planets - Statistics

General Stats
  • This quiz has been taken 38 times
  • The average score is 8 of 8
Answer Stats
Planet % Correct
Earth
100%
Mars
100%
Saturn
97%
Venus
97%
Jupiter
93%
Uranus
93%
Mercury
90%
Neptune
90%
No matching quizzes found
Score Distribution
Percent of People with Each Score
Percentile by Number Answered
Your Score History
You have not taken this quiz